Modelování penzijního fondu
Rozbor rizika investovania peňazí budúcich dôchodcov prostredníctvom akciových trhov. Na modeli penzijného fondu je zobrazené, ako bude spočiatku počet prispievateľov prevyšovať počet dôchodcov čerpajúcich z fondu. Prebytok likvidity investovaný na akciovom trhu povedie k vzostupu kurzu akcií. Naopa...
Salvato in:
| Autore principale: | |
|---|---|
| Natura: | Capitolo di libro |
| Lingua: | ceco |
| Soggetti: | |
| Tags: |
Nessun Tag, puoi essere il primo ad aggiungerne!!
|
MARC
| LEADER | 00000naa$a2200000$$$4500 | ||
|---|---|---|---|
| 001 | 0038918 | ||
| 005 | 20231107071139.5 | ||
| 041 | 0 | |a cze | |
| 044 | |a CZ | ||
| 245 | 1 | 0 | |a Modelování penzijního fondu |c René Hladík |
| 520 | |a Rozbor rizika investovania peňazí budúcich dôchodcov prostredníctvom akciových trhov. Na modeli penzijného fondu je zobrazené, ako bude spočiatku počet prispievateľov prevyšovať počet dôchodcov čerpajúcich z fondu. Prebytok likvidity investovaný na akciovom trhu povedie k vzostupu kurzu akcií. Naopak, pokiaľ sa tento pomer obráti (za niekoľko desaťročí), teda keď počet čerpajúcich dôchodcov prevýši počet prispievateľov, dôjde k poklesu kurzu akcií. To ovplyvní výšku dôchodkov. | ||
| 610 | 2 | 0 | |a fondy penzijné |
| 610 | 2 | 0 | |a investovanie |
| 610 | 2 | 0 | |a riziko |
| 610 | 2 | 0 | |a riziko finančné |
| 610 | 2 | 0 | |a trh kapitálový |
| 610 | 2 | 0 | |a akcie |
| 610 | 2 | 0 | |a modely |
| 100 | 1 | |a Hladík, René | |